000 00632nam a22001937a 4500
999 _c525617
_d525617
003 NUST
005 20190703092334.0
008 190703b ||||| |||| 00| 0 eng d
038 _aMr. Zahoor
082 _a620.005
100 _aAhsan, Usman
_916534
245 _aDifference in Work Motivation Between Public and Private Sector Organizations in Pakistan /
_cUsman Ahsan
260 _aIslamabad :
_bCEME - NUST,
_c2016.
300 _axiv, 69 p. : ill. ;
_c30cm.
500 _aHardcover.
650 _aElectrical and Mechanical Engineering - MS PHD Thesis
_916535
700 _aDr. Faheem Qaiser Jamal
_916536
942 _2ddc
_cTHE